| Поле | Инд. | ПП | Название | Значение |
|---|---|---|---|---|
| Тип записи | a | |||
| Библиографический уровень | m | |||
| 001 | Контрольный номер | RU/LIBMSTU/313511850 | ||
| 005 | Дата корректировки | 20140505130932.1 | ||
| 008 | Кодируемые данные | 091209|||||||||ru |||||||||||000|||rus|| | ||
| 020 | a | ISBN | 978-5-91670-017-6 | |
| c | Цена, тираж | 79-45 | ||
| 040 | b | Код языка каталог. | rus | |
| 041 | a | Код языка текста | rus | |
| 084 | a | Индекс другой классификации/Индекс ББК | 78.07+74+60.52 | |
| 090 | a | Полочн. индекс | 78.0 | |
| x | Авторский знак | К 70 | ||
| 100 | 1_ | a | Автор | Коряковцева Н. А. |
| 245 | 10 | a | Заглавие | Чтение и образование в информационном обществе |
| b | Продолж. заглавия | [практ. пособие] | ||
| 260 | a | Место издания | Москва | |
| b | Издательство | Литера | ||
| c | Дата издания | 2009 | ||
| 300 | a | Объем | 207 с. | |
| 440 | _7 | a | Серия | Серия "Современная библиотека" |
| v | N тома | вып. 49 | ||
| 504 | a | Библиография | Библиогр.: с. 142-152 | |
| 650 | a | Основная рубрика | Информационное общество-Образование-Учебные издания для высших учебных заведений | |
| 653 | a | Ключевые слова | Библиотеки | |
| a | Ключевые слова | Информационная культура | ||
| a | Ключевые слова | Информационное общество | ||
| a | Ключевые слова | Информационное пространство | ||
| a | Ключевые слова | Книги | ||
| a | Ключевые слова | Книги электронные | ||
| a | Ключевые слова | Образование | ||
| a | Ключевые слова | Технологии информационные | ||
| a | Ключевые слова | Чтение | ||
| a | Ключевые слова | Электронные книги | ||
| 700 | a | Другие авторы | Фокеев В. А. | |
| 901 | t | Тип документа | m |